01029naa#a2200169#i#4500001001500000005001700015100004100032102000700073200027000080210016900350215001000519608006000529675017600589700002800765700004800793856001800841RU\\bibl\2028720260701143350.3##a20260630b2026####ek#y0rusy0150####ca##aRU1#aLOTSIA PDM PLUS В АО «ГСП ИНЖИНИРИНГ»: ВЫЗОВЫ ЭКСПЛУАТАЦИИ УСТАРЕВШЕЙ ИНФОРМАЦИОННОЙ СИСТЕМЫ В СОВРЕМЕННОЙ ПРОЕКТНОЙ СРЕДЕeСтатья/тезисы конференции1#aВоронежcВоронежский государственный лесотехнический университет имени Г.Ф. Морозоваd2026##a6 с.##aСтатья/тезисы конференции2local##aИнформационные технологии. Компьютерные технологии. Теория вычислительных машин и систем. 004#1aСыноровgС. О.#1aЗаревичgАнтон Иванович4#abibl.vgltu.ru